[Event "Chihuahua Bionext op"]
[Site "Chihuahua City"]
[Date "2019.11.29"]
[Round "2"]
[White "Gonzalez Estrada, Jesus Yo"]
[Black "Rodriguez Rivera, Pedro"]
[Result "1-0"]
[WhiteElo "1891"]
[BlackElo "2188"]
[PlyCount "93"]
[EventDate "2019.11.28"]
[EventType "swiss"]
[EventRounds "7"]
[EventCountry "MEX"]
[SourceTitle "CBM 193 Extra"]
[Source "ChessBase"]
[SourceDate "2020.01.31"]
[SourceVersion "1"]
[SourceVersionDate "2020.01.31"]
[SourceQuality "1"]

1. Nf3 Nf6 2. d4 d6 3. c4 Nbd7 4. Nc3 e5 5. e4 Be7 6. Be2 0-0 7. 0-0 Re8 8. d5 Nc5 9. Qc2 a5 10. Be3 Na6 11. Rac1 Ng4 12. Bd2 c6 13. h3 Nf6 14. Rfd1 Qc7 15. Be3 Nd7 16. a3 c5 17. Nb5 Qd8 18. Nh2 Nc7 19. Nc3 Bg5 20. Qd2 Bxe3 21. Qxe3 Qh4 22. Bf1 Qf4 23. Qe1 Nb6 24. Rd3 Bd7 25. Rf3 Qg5 26. Rd1 Nc8 27. Rg3 Qh4 28. Be2 Ne7 29. Bg4 f5 30. Nf3 Qf6 31. exf5 Nxf5 32. Ne4 Qd8 33. Bxf5 Bxf5 34. a4 Bxe4 35. Qxe4 Qd7 36. Ng5 g6 37. h4 Rf8 38. h5 Rf4 39. Qc2 Raf8 40. hxg6 Rxf2 41. gxh7+ Kh8 42. Qxf2 Rxf2 43. Kxf2 Qf5+ 44. Kg1 Qf4 45. Rf1 Qd4+ 46. Kh2 Qh4+ 47. Rh3 1-0